| 000 | 007430000a22002290004500 | ||
|---|---|---|---|
| 090 |
_aAR _b02978 |
||
| 245 | 1 | 0 | _aCumulative effects of barriers on the movements of forest birds |
| 650 | 1 | 4 |
_aMovilidad animal _996238 |
| 650 | 1 | 4 |
_aAves _992429 |
| 650 | 1 | 4 |
_aConectividad _95460 |
| 650 | 1 | 4 |
_aCorredores ecológicos _975249 |
| 650 | 1 | 4 |
_aBosques _992270 |
| 651 | 4 |
_lParque Nacional Banff _dAlberta _pCanada _992749 |
|
| 653 |
_gPinus _ePinus contorta |
||
| 653 |
_gPicea _ePicea glauca |
||
| 653 |
_gPopulus _ePopulus tremuloides |
||
| 041 | 0 | _aInglés | |
| 700 | 1 |
_aCassady St. Clair Colleen _996535 |
|
| 100 | 1 |
_aBélisle, Marc _996536 |
|
| 942 | _cARTICULO | ||
| 773 | 1 |
_tConservation Ecology: a Peer-Reviewed Journal _3798 _h2 _q1-17 _d2001 _g5 |
|
| 999 |
_c12036 _d12036 |
||